Gynaecology: by ten teachers. -- 19th ed. (Record no. 45202)

MARC details
000 -LEADER
fixed length control field 00615nam a2200181 a 4500
008 - FIXED-LENGTH DATA ELEMENTS--GENERAL INFORMATION
fixed length control field 120228s2011 ||||||||||||||||| || u
020 ## - INTERNATIONAL STANDARD BOOK NUMBER
International Standard Book Number 9780340983546
050 ## - LIBRARY OF CONGRESS CALL NUMBER
Classification number RG 123 Gyn
100 ## - MAIN ENTRY--PERSONAL NAME
Personal name Dobbs, Stephen
245 10 - TITLE STATEMENT
Title Gynaecology: by ten teachers. -- 19th ed.
Statement of responsibility, etc. edited by Ash Monga and Stephen Dobbs
250 ## - EDITION STATEMENT
Edition statement 19th ed.
260 ## - PUBLICATION, DISTRIBUTION, ETC.
Place of publication, distribution, etc. London:
Name of publisher, distributor, etc. Hodder Arnold
Date of publication, distribution, etc. 2011
300 ## - PHYSICAL DESCRIPTION
Extent [x], 206p.: ill.
350 ## - PRICE (NR) (BK AM CF MU VM SE) [OBSOLETE]
Price 0.00
650 ## - SUBJECT ADDED ENTRY--TOPICAL TERM
Topical term or geographic name entry element GYNECOLOGY
700 ## - ADDED ENTRY--PERSONAL NAME
Personal name Monga, Ash
995 ## - RECOMMENDATION 995 [LOCAL, UNIMARC FRANCE]
-- CBU-MAIN LIBRARY (Kitwe)
-- 0.00
-- 1
-- AVAILABLE
-- Jun 25, 2012
-- Short Loan Collection
Holdings
Withdrawn status Lost status Source of classification or shelving scheme Damaged status Not for loan Home library Current library Shelving location Date acquired Total Checkouts Full call number Barcode Date last seen Date last checked out Price effective from Koha item type
          CBU-MAIN LIBRARY, KITWE. CBU-SCHOOL OF MEDICINE LIBRARY, NDOLA.   11/30/2022 3 RG 123 Gyn 901772 06/03/2025 06/02/2025 11/30/2022 MONOGRAPH